[Event "GER-chT U20"]
[Site "Willingen"]
[Date "2021.06.24"]
[Round "2"]
[White "Omert, Oliver"]
[Black "Gallasch, Jonas"]
[Result "0-1"]
[WhiteElo "1897"]
[BlackElo "2112"]
[PlyCount "82"]
[EventDate "2021.06.24"]
[EventType "team-swiss"]
[EventRounds "7"]
[EventCountry "GER"]
[SourceTitle "CBM 203 Extra"]
[Source "ChessBase"]
[SourceDate "2021.09.30"]
[SourceVersion "1"]
[SourceVersionDate "2021.09.30"]
[SourceQuality "1"]
[WhiteTeam "Bebenhausen"]
[BlackTeam "Porz SG"]
[WhiteTeamCountry "GER"]
[BlackTeamCountry "GER"]

1. e4 c6 2. Nc3 d5 3. Nf3 Bg4 4. h3 Bxf3 5. Qxf3 e6 6. d3 Nd7 7. g3 g6 8. Bg2 Bg7 9. 0-0 Ne7 10. Qe2 0-0 11. Nd1 Re8 12. c3 b5 13. Ne3 f5 14. Nc2 Qb6 15. Rb1 a5 16. Nd4 Bxd4 17. cxd4 Qxd4 18. b3 Qb6 19. h4 e5 20. h5 Nf6 21. h6 fxe4 22. Bg5 Rf8 23. dxe4 Rae8 24. Rbd1 d4 25. a4 Nc8 26. Qa2 Kh8 27. f3 Nd6 28. Ra1 b4 29. Qc2 Nfxe4 30. fxe4 d3+ 31. Qf2 Rxf2 32. Rxf2 Nf7 33. Bf6+ Kg8 34. Bg7 Qd4 35. Raf1 d2 36. Bf3 Ng5 37. Bg4 Nxe4 38. Kg2 Nxf2 39. Rxf2 Qd5+ 40. Bf3 d1Q 41. Bxd5+ Qxd5+ 0-1